000 00382 a2200145 4500
005 20250630085225.0
020 _a0-256-07953-6
082 _a658.84 CAT
100 _aCATEORA, P. R.
245 _aInternational Marketing
250 _a7th Ed.
260 _aBoston,
_bIrwin,
_c1990.
300 _axxiii, 869p.: ill.; table, figure,
_bBibliography & index
_c23cm.
942 _2ddc
_cBKS
999 _c796
_d796